Palm Developments Ltd v Secretary of State for Communities and Local Government (Record no. 81317)

MARC details
000 -LEADER
fixed length control field 01870cab a22002295a 4500
001 - CONTROL NUMBER
control field L146887
008 - FIXED-LENGTH DATA ELEMENTS--GENERAL INFORMATION
fixed length control field 090309e20090213xxk f v 000 0 eng d
035 ## - SYSTEM CONTROL NUMBER
System control number (Sirsi) u146887
041 0# - LANGUAGE CODE
Language code of text/sound track or separate title eng
245 00 - TITLE STATEMENT
Title Palm Developments Ltd v Secretary of State for Communities and Local Government
Medium [electronic resource]
260 ## - PUBLICATION, DISTRIBUTION, ETC.
Date of publication, distribution, etc. 2009
520 ## - SUMMARY, ETC.
Summary, etc. [2009] EWHC 220 (Admin), 13 February 2009. The High Court has ruled that the smallest sapling can be regarded as a tree. An applicant developer (P) applied to overturn a decision of the respondent secretary of state (S) that P should not be granted consent to undertake work in a woodland protected by a Tree Preservation Order (TPO) under the Town and Country Planning Act 1990 S198. P bought a site previously used for industrial purposes on which woodland had become established. P applied for permission to develop it commercially. The local authority refused and then imposed a TPO to protect the trees on the site. P appealed to S claiming the removal of scrub, shrubs and saplings was not covered by the TPO because they were not trees, but S supported the council. Held: application refused. The TPO covered saplings as the law did not specify any limitation on size. TPOs applied to present and future trees as the purpose of the order was to protect woodland, which depended on future growth. S had not erred in her determination.
590 ## - LOCAL NOTE (RLIN)
Local note KA
650 24 - SUBJECT ADDED ENTRY--TOPICAL TERM
Topical term or geographic name entry element TOWN AND COUNTRY PLANNING ACT 1990 S198
650 24 - SUBJECT ADDED ENTRY--TOPICAL TERM
Topical term or geographic name entry element FORESTRY ACT 1967 S9
650 24 - SUBJECT ADDED ENTRY--TOPICAL TERM
Topical term or geographic name entry element TOWN AND COUNTRY PLANNING (TREES) REGULATIONS 1999
650 24 - SUBJECT ADDED ENTRY--TOPICAL TERM
Topical term or geographic name entry element TREE PRESERVATION ORDERS (TPOs)
651 #4 - SUBJECT ADDED ENTRY--GEOGRAPHIC NAME
Geographic name England and Wales
Chronological subdivision 1543-
690 ## - LOCAL SUBJECT ADDED ENTRY--TOPICAL TERM (OCLC, RLIN)
Topical term or geographic name as entry element ENVIRONMENTAL AND LAND CONSULTANCY-PLANNING AND DEVELOPMENT-DEVELOPMENT CONTROL
856 40 - ELECTRONIC LOCATION AND ACCESS
Uniform Resource Identifier <a href="https://www.bailii.org/ew/cases/EWHC/Admin/2009/220.html/">https://www.bailii.org/ew/cases/EWHC/Admin/2009/220.html/</a>
Public note View the case at: www.bailii.org...
942 ## - ADDED ENTRY ELEMENTS (KOHA)
Suppress in OPAC 0
Holdings
Withdrawn status Lost status Source of classification or shelving scheme Damaged status Not for loan Home library Current library Shelving location Date acquired Total Checkouts Full call number Barcode Date last seen Copy number Price effective from Koha item type
    Dewey Decimal Classification     Virtual Virtual Online 09/03/2009   ONLINE PUBLICATION 146887-2001 06/08/2019 1 06/08/2019 Law report